[Event "OP-2014-0-03514"]
[Site "LSS email"]
[Date "2014.09.30"]
[Round "?"]
[White "Dehaybe, Andre"]
[Black "Waciak, Karol"]
[Result "1/2-1/2"]
[WhiteElo "2017"]
[BlackElo "1871"]
[PlyCount "74"]
[EventDate "2014.09.25"]
[EventType "tourn (corr)"]
[EventRounds "4"]
[EventCountry "GER"]
[SourceTitle "Corr 2015"]
[Source "ChessBase"]
[SourceDate "2015.07.17"]
[SourceVersion "1"]
[SourceVersionDate "2015.07.17"]
[SourceQuality "1"]

1. d4 f5 2. g3 Nf6 3. Bg2 e6 4. c4 c6 5. Nf3 d5 6. Bf4 h6 7. Ne5 g5 8. Bd2 Bg7 9. h4 Ne4 10. Nc3 Nd7 11. Ng6 Rg8 12. Nxe4 dxe4 13. e3 Qf6 14. h5 e5 15. d5 Nf8 16. Nxf8 Rxf8 17. Bb4 Rf7 18. 0-0 a5 19. Ba3 Bf8 20. Qb3 a4 21. Qc3 Bxa3 22. Qxa3 cxd5 23. cxd5 Rd7 24. Rac1 Rxd5 25. f3 Rd3 26. Qb4 Qd6 27. Qxd6 Rxd6 28. fxe4 a3 29. b3 fxe4 30. Bxe4 Bh3 31. Bg6+ Rxg6 32. hxg6 Bxf1 33. Rxf1 Rc8 34. Rf5 Rc7 35. e4 Rg7 36. Rxe5+ Kf8 37. Ra5 Re7 1/2-1/2

[Event "LSS No Engine Cup 117 Preliminary 4"]
[Site "LSS email"]
[Date "2014.09.04"]
[Round "?"]
[White "Bester, Kazimierz"]
[Black "Waciak, Karol"]
[Result "0-1"]
[WhiteElo "744"]
[BlackElo "1882"]
[PlyCount "50"]
[EventDate "2014.09.05"]
[EventType "tourn (corr)"]
[EventRounds "6"]
[EventCountry "GER"]
[SourceTitle "Corr 2015"]
[Source "ChessBase"]
[SourceDate "2015.07.17"]
[SourceVersion "1"]
[SourceVersionDate "2015.07.17"]
[SourceQuality "1"]

1. f4 f6 2. Nf3 e5 3. e3 Nc6 4. Be2 e4 5. Nd4 Nxd4 6. exd4 f5 7. 0-0 d5 8. d3 Nf6 9. c4 c6 10. c5 Be7 11. b4 0-0 12. Qb3 a5 13. b5 b6 14. bxc6 bxc5 15. dxc5 Bxc5+ 16. Kh1 Ba6 17. Bb2 Rc8 18. Qc2 Rxc6 19. Qa4 exd3 20. Qxc6 dxe2 21. Re1 Ne4 22. g3 Bd3 23. Nc3 d4 24. Nxe4 Bxe4+ 25. Kg1 Bxc6 0-1